Religion in psychodynamic perspective (Record no. 5032)
[ view plain ]
| 000 -LEADER | |
|---|---|
| fixed length control field | 01287nam a2200325Ia 4500 |
| 100 1# - MAIN ENTRY--AUTHOR NAME | |
| Personal name | Pruyser, Paul W. |
| 245 10 - TITLE STATEMENT | |
| Title | Religion in psychodynamic perspective |
| 260 ## - PUBLICATION, DISTRIBUTION, ETC. (IMPRINT) | |
| Place of publication | New York : |
| Name of publisher | Oxford University Press, |
| Year of publication | 1991. |
| 300 ## - PHYSICAL DESCRIPTION | |
| Number of Pages | x, 233 p. |
| 650 #0 - SUBJECT ADDED ENTRY--TOPICAL TERM | |
| Topical Term | Christianity |
| Topical Term | Psychoanalysis and religion. |
| 700 1# - ADDED ENTRY--PERSONAL NAME | |
| Personal name | Malony, H. Newton. |
| Personal name | Spilka, Bernard, |
| 856 40 - ELECTRONIC LOCATION AND ACCESS | |
| Uniform Resource Identifier | http://site.ebrary.com/lib/rucke/Doc?id=10278566 |
No items available.
